[Event "Maraba op 6th"]
[Site "Maraba"]
[Date "2023.05.27"]
[Round "3"]
[White "Luz, Edmundo Reis"]
[Black "Da Silva, Jose Zenildo Eugeni"]
[Result "1-0"]
[WhiteElo "2151"]
[BlackElo "1928"]
[PlyCount "79"]
[EventDate "2023.05.26"]
[EventType "swiss"]
[EventRounds "6"]
[EventCountry "BRA"]
[SourceTitle "EXT 2024"]
[Source "ChessBase"]
[SourceDate "2023.10.10"]
[SourceVersion "1"]
[SourceVersionDate "2023.10.10"]
[SourceQuality "1"]

1. e4 c5 2. Nc3 Nc6 3. g3 g6 4. Bg2 Bg7 5. Nge2 d6 6. 0-0 Nf6 7. d3 0-0 8. f4 Rb8 9. h3 Nd7 10. f5 b5 11. Nd5 b4 12. g4 Nb6 13. Nef4 e6 14. f6 Bxf6 15. Nxf6+ Qxf6 16. Nd5 Qh4 17. Nf6+ Kg7 18. Be3 Nd7 19. Qd2 h6 20. g5 Nxf6 21. gxh6+ Kh7 22. Bg5 Nxe4 23. dxe4 Qh5 24. Rf6 Ba6 25. h4 Nd4 26. Qf2 Rb7 27. c3 bxc3 28. bxc3 Ne2+ 29. Kh2 Qg4 30. Bf3 Qg3+ 31. Qxg3 Nxg3 32. Kxg3 Bd3 33. Rd1 c4 34. Rd2 Rb6 35. Kf4 Rb5 36. Be2 Bxe2 37. Rxe2 Rb1 38. Kg3 Rb3 39. Ref2 Rxc3+ 40. R2f3 1-0

[Event "Maraba op 6th"]
[Site "Maraba"]
[Date "2023.05.26"]
[Round "2"]
[White "Pinto Filho, Joao Moreira"]
[Black "Luz, Edmundo Reis"]
[Result "1/2-1/2"]
[WhiteElo "1908"]
[BlackElo "2151"]
[PlyCount "114"]
[EventDate "2023.05.26"]
[EventType "swiss"]
[EventRounds "6"]
[EventCountry "BRA"]
[SourceTitle "EXT 2024"]
[Source "ChessBase"]
[SourceDate "2023.10.10"]
[SourceVersion "1"]
[SourceVersionDate "2023.10.10"]
[SourceQuality "1"]

1. e4 d6 2. d4 Nf6 3. Nc3 c6 4. Be3 Qa5 5. f3 e5 6. Qd2 Be7 7. h4 Nbd7 8. h5 h6 9. 0-0-0 b5 10. Kb1 Nb6 11. b3 b4 12. Nce2 c5 13. dxe5 dxe5 14. g4 Be6 15. Nc1 c4 16. bxc4 Rd8 17. Qe1 Rxd1 18. Qxd1 Na4 19. Bd2 Qd8 20. Qe1 Qd4 21. Nd3 Nc3+ 22. Bxc3 bxc3 23. Ne2 Qb6+ 24. Ka1 Qe3 25. Qf2 Qd2 26. Nec1 0-0 27. Bg2 Bxc4 28. Nb3 Qxf2 29. Nxf2 Ba3 30. Nd1 Rc8 31. Ne3 Be6 32. Rd1 Bb2+ 33. Kb1 a5 34. Nxa5 Nd7 35. Nd5 Kf8 36. Bf1 Nc5 37. Bc4 Bxg4 38. fxg4 Nxe4 39. Ne3 Ba3 40. Nb3 Rb8 41. Rd7 Nd2+ 42. Rxd2 cxd2 43. c3 Bc5 44. Nd1 Be7 45. Kc2 g6 46. Nxd2 gxh5 47. gxh5 f5 48. Be6 f4 49. Bg4 Rb6 50. Bf5 Rf6 51. Be4 Bc5 52. Nb2 Ke7 53. Nbc4 Re6 54. Nf3 Kf6 55. Kd3 Re7 56. Ncxe5 Rxe5 57. Nxe5 Kxe5 1/2-1/2

[Event "Teresina Nordeste Cup"]
[Site "Teresina"]
[Date "2022.07.24"]
[Round "6"]
[White "Jordao Barbosa, Marcio Ferre"]
[Black "Luz, Edmundo Reis"]
[Result "1/2-1/2"]
[WhiteElo "2100"]
[BlackElo "2138"]
[PlyCount "52"]
[EventDate "2022.07.22"]
[EventType "swiss"]
[EventRounds "6"]
[EventCountry "BRA"]
[SourceTitle "CBM 209 Extra"]
[Source "ChessBase"]
[SourceDate "2022.09.30"]
[SourceVersion "1"]
[SourceVersionDate "2022.09.30"]
[SourceQuality "1"]

1. e4 e5 2. Nf3 Nc6 3. Bb5 a6 4. Ba4 Nf6 5. d4 exd4 6. 0-0 Be7 7. e5 Nd5 8. Nxd4 Nxd4 9. Qxd4 Nb6 10. Bb3 0-0 11. Bf4 d6 12. exd6 cxd6 13. Nc3 d5 14. Be5 f6 15. Bg3 Kh8 16. Rad1 Bd6 17. Rfe1 Bxg3 18. hxg3 Bf5 19. Nxd5 Nxd5 20. Qxd5 Qc8 21. Re7 Bxc2 22. Bxc2 Qxc2 23. Rxb7 h6 24. Qd7 Rg8 25. Rd4 Rae8 26. Rd1 Re7 1/2-1/2

[Event "Teresina Nordeste Cup"]
[Site "Teresina"]
[Date "2022.07.24"]
[Round "5"]
[White "Souza, Rafael Cabral de"]
[Black "Luz, Edmundo Reis"]
[Result "0-1"]
[WhiteElo "2079"]
[BlackElo "2138"]
[PlyCount "96"]
[EventDate "2022.07.22"]
[EventType "swiss"]
[EventRounds "6"]
[EventCountry "BRA"]
[SourceTitle "CBM 209 Extra"]
[Source "ChessBase"]
[SourceDate "2022.09.30"]
[SourceVersion "1"]
[SourceVersionDate "2022.09.30"]
[SourceQuality "1"]

1. Nf3 c5 2. c4 Nc6 3. g3 g6 4. Bg2 Bg7 5. Nc3 d6 6. 0-0 Nf6 7. d4 cxd4 8. Nxd4 Bd7 9. b3 0-0 10. Nc2 Qa5 11. Bb2 Qh5 12. e4 Bg4 13. f3 Bh3 14. Ne3 Bxg2 15. Kxg2 Qa5 16. Qd2 Rfd8 17. Rfd1 Rac8 18. Rac1 a6 19. a3 e6 20. b4 Qb6 21. Qe2 a5 22. b5 Nd4 23. Qd3 Nb3 24. Rc2 Nc5 25. Qe2 a4 26. Na2 h5 27. h4 Qc7 28. Nb4 Qe7 29. Nd3 Nfd7 30. Nxc5 Nxc5 31. Bxg7 Kxg7 32. Rcd2 Rd7 33. Rd4 Rcd8 34. Qb2 Qf6 35. R4d2 Qxb2 36. Rxb2 f5 37. exf5 gxf5 38. Kf2 Kf6 39. Rbd2 Nb3 40. Rd3 Ke7 41. Ng2 Rc7 42. Ne3 Na5 43. Re1 Rc5 44. Nd5+ Kf7 45. Nf4 e5 46. Nxh5 Nxc4 47. Rc1 Nb2 48. Rdc3 Rxc3 0-1

[Event "Fortaleza Gadelha Memorial"]
[Site "Fortaleza"]
[Date "2019.08.18"]
[Round "6"]
[White "Luz, Edmundo Reis"]
[Black "Lima, Helio Viana Correia"]
[Result "1/2-1/2"]
[WhiteElo "2112"]
[BlackElo "1896"]
[PlyCount "55"]
[EventDate "2019.08.15"]
[EventType "swiss"]
[EventRounds "7"]
[EventCountry "BRA"]
[SourceTitle "CBM 191 Extra"]
[Source "ChessBase"]
[SourceDate "2019.09.30"]
[SourceVersion "1"]
[SourceVersionDate "2019.09.30"]
[SourceQuality "1"]

1. e4 c5 2. Nc3 a6 3. g3 b5 4. Bg2 Bb7 5. d3 e6 6. Nge2 d5 7. 0-0 Nf6 8. h3 Be7 9. e5 Nfd7 10. f4 g6 11. Kh2 b4 12. Nb1 Nc6 13. Nd2 Qc7 14. Nf3 Rc8 15. Be3 a5 16. c3 Ba6 17. Rc1 bxc3 18. bxc3 Rb8 19. Qc2 0-0 20. Rb1 Rxb1 21. Rxb1 Rb8 22. Kg1 Rxb1+ 23. Qxb1 Qb6 24. Qc2 Qb5 25. Nc1 a4 26. Nd2 Na5 27. Bf1 Nb6 28. Qb1 1/2-1/2

[Event "Fortaleza Gadelha Memorial"]
[Site "Fortaleza"]
[Date "2019.08.18"]
[Round "7"]
[White "Pinheiro, Iung Alicio"]
[Black "Luz, Edmundo Reis"]
[Result "1/2-1/2"]
[WhiteElo "2353"]
[BlackElo "2112"]
[PlyCount "147"]
[EventDate "2019.08.15"]
[EventType "swiss"]
[EventRounds "7"]
[EventCountry "BRA"]
[SourceTitle "CBM 191 Extra"]
[Source "ChessBase"]
[SourceDate "2019.09.30"]
[SourceVersion "1"]
[SourceVersionDate "2019.09.30"]
[SourceQuality "1"]

1. c4 e5 2. g3 Nc6 3. Bg2 Bc5 4. Nc3 a6 5. a3 d6 6. e3 Be6 7. b3 Nf6 8. Nd5 Bxd5 9. cxd5 Ne7 10. b4 Bb6 11. Qb3 0-0 12. Ne2 Qd7 13. Nc3 Qf5 14. 0-0 Rac8 15. f4 Ng6 16. fxe5 Qxe5 17. Qc2 Rfe8 18. Bb2 Qe7 19. Kh1 Ne5 20. Rf4 c6 21. dxc6 bxc6 22. Raf1 d5 23. Na4 Ba7 24. Nc5 Bxc5 25. bxc5 Rb8 26. Bd4 Rf8 27. Qf5 Nfd7 28. Qh3 f6 29. e4 dxe4 30. Rh4 g6 31. Bxe4 Rf7 32. Be3 Nf8 33. d4 g5 34. dxe5 gxh4 35. Bxc6 Qxe5 36. Bf4 Qxc5 37. Rc1 Rb1 38. Rxb1 Qxc6+ 39. Qg2 Qxg2+ 40. Kxg2 hxg3 41. hxg3 Ra7 42. Be3 Rc7 43. Rb6 Rc3 44. Bh6 Rc2+ 45. Kh3 Ng6 46. Rxa6 Kf7 47. Ra7+ Ne7 48. Bf4 Ke6 49. Kg4 Rc5 50. Ra6+ Rc6 51. Ra5 Ng6 52. Ra7 Nxf4 53. gxf4 Rc3 54. Ra6+ Kf7 55. a4 Kg6 56. f5+ Kg7 57. a5 Ra3 58. Kf4 Ra4+ 59. Kg3 Kh6 60. Ra8 Kg5 61. a6 Kxf5 62. a7 h5 63. Kh3 h4 64. Kg2 Ra3 65. Kf2 h3 66. Kg1 Ra2 67. Kh1 Kf4 68. Rf8 Rxa7 69. Rxf6+ Kg3 70. Rg6+ Kh4 71. Rh6+ Kg3 72. Rg6+ Kh4 73. Rh6+ Kg3 74. Rg6+ 1/2-1/2

[Event "Fortaleza Gadelha Memorial"]
[Site "Fortaleza"]
[Date "2019.08.16"]
[Round "3"]
[White "Luz, Edmundo Reis"]
[Black "Parente, Renan Braz"]
[Result "1/2-1/2"]
[WhiteElo "2112"]
[BlackElo "2190"]
[PlyCount "136"]
[EventDate "2019.08.15"]
[EventType "swiss"]
[EventRounds "7"]
[EventCountry "BRA"]
[SourceTitle "CBM 191 Extra"]
[Source "ChessBase"]
[SourceDate "2019.09.30"]
[SourceVersion "1"]
[SourceVersionDate "2019.09.30"]
[SourceQuality "1"]

1. e4 e6 2. d4 d5 3. Nc3 Nf6 4. e5 Nfd7 5. f4 c5 6. Nf3 Nc6 7. Be3 a6 8. Be2 b5 9. Qd2 Bb7 10. 0-0 Qb6 11. Nd1 cxd4 12. Nxd4 Nxd4 13. Bxd4 Qxd4+ 14. Qxd4 Bc5 15. c3 Rc8 16. Ne3 Bxd4 17. cxd4 Ke7 18. Rac1 Nb8 19. Kf2 Nc6 20. Nc2 Rhd8 21. Ke3 Rd7 22. Na1 Na5 23. Rxc8 Bxc8 24. Nb3 Nxb3 25. axb3 Rc7 26. Kd2 Bd7 27. Rc1 Rxc1 28. Kxc1 a5 29. Kd2 b4 30. Bd3 h6 31. h4 Be8 32. g4 g6 33. f5 gxf5 34. gxf5 f6 35. Ke3 Bh5 36. exf6+ Kxf6 37. fxe6 Bd1 38. Bb5 Bxb3 39. Bd7 Bd1 40. Bc8 Ke7 41. Bd7 Bg4 42. Kf4 Bxe6 43. Ba4 Bd7 44. Bc2 Kf6 45. b3 Be8 46. Bd1 Bg6 47. Bf3 Ke6 48. Bg4+ Kd6 49. Bd1 Ke6 50. Bg4+ Kf6 51. Bf3 Bf7 52. Bd1 Be8 53. Kg4 Bg6 54. Kf4 Be4 55. Kg4 Bb1 56. Kf4 Ba2 57. Bc2 a4 58. bxa4 b3 59. Bd3 b2 60. a5 Bc4 61. Bb1 Ke6 62. Ke3 Kd6 63. Kd2 Kc6 64. Kc3 Kb5 65. Kxb2 Kxa5 66. Kc3 Ka4 67. Bf5 Ka3 68. Bd7 Ba2 1/2-1/2

[Event "Maraba op 4th"]
[Site "Maraba"]
[Date "2019.04.28"]
[Round "6"]
[White "Laranjeira, Marcio Muniz"]
[Black "Luz, Edmundo Reis"]
[Result "1/2-1/2"]
[WhiteElo "1951"]
[BlackElo "2104"]
[PlyCount "47"]
[EventDate "2019.04.26"]
[EventType "swiss"]
[EventRounds "6"]
[EventCountry "BRA"]
[SourceTitle "EXT 2020"]
[Source "ChessBase"]
[SourceDate "2019.10.17"]
[SourceVersion "1"]
[SourceVersionDate "2019.10.17"]
[SourceQuality "1"]

1. e4 d6 2. d4 g6 3. Nc3 Bg7 4. Nf3 c6 5. h3 Nf6 6. Bd3 0-0 7. 0-0 Nbd7 8. Re1 e5 9. dxe5 dxe5 10. Bg5 Qc7 11. Qd2 Nc5 12. Rad1 Rd8 13. Qe3 Ne6 14. Bc4 Re8 15. Rd2 Nh5 16. Red1 Nhf4 17. Bxf4 exf4 18. Qd3 h6 19. Qd6 Qxd6 20. Rxd6 Bf8 21. R6d2 b5 22. Bb3 Bb4 23. a3 Bc5 24. Ne5 1/2-1/2

[Event "Maraba op 4th"]
[Site "Maraba"]
[Date "2019.04.28"]
[Round "5"]
[White "Luz, Edmundo Reis"]
[Black "Chaves, Allysson Pereira"]
[Result "1-0"]
[WhiteElo "2104"]
[BlackElo "2071"]
[PlyCount "81"]
[EventDate "2019.04.26"]
[EventType "swiss"]
[EventRounds "6"]
[EventCountry "BRA"]
[SourceTitle "EXT 2020"]
[Source "ChessBase"]
[SourceDate "2019.10.17"]
[SourceVersion "1"]
[SourceVersionDate "2019.10.17"]
[SourceQuality "1"]

1. e4 c5 2. Nc3 Nc6 3. g3 g6 4. Bg2 Bg7 5. d3 d6 6. Nge2 e6 7. 0-0 Nge7 8. Be3 Nd4 9. Qd2 Nec6 10. Nd1 0-0 11. c3 Nxe2+ 12. Qxe2 e5 13. Qd2 Be6 14. Bh6 Qd7 15. Bxg7 Kxg7 16. Ne3 Bh3 17. f4 Bxg2 18. Kxg2 Rae8 19. f5 f6 20. h4 Kg8 21. Rf2 Qg7 22. Nd5 g5 23. hxg5 Qxg5 24. Qxg5+ fxg5 25. Nc7 Nd8 26. Nxe8 Rxe8 27. Rh1 Nf7 28. Kf3 Kg7 29. Kg4 h6 30. Kf3 Rh8 31. g4 Rd8 32. Ke3 Kf6 33. Rfh2 Kg7 34. Rb1 Rc8 35. c4 Rc7 36. b4 cxb4 37. Rxb4 Nd8 38. Rb5 b6 39. a4 Nc6 40. Rb1 Rc8 41. Rbh1 1-0

[Event "Maranhense-ch"]
[Site "Sao Luis"]
[Date "2018.12.??"]
[Round "2"]
[White "Luz, Edmundo Reis"]
[Black "Dos Angelos, Leonardo Silva"]
[Result "1-0"]
[WhiteElo "2104"]
[BlackElo "1888"]
[PlyCount "87"]
[EventDate "2018.12.07"]
[EventType "swiss"]
[EventRounds "5"]
[EventCountry "BRA"]
[SourceTitle "EXT 2022"]
[Source "ChessBase"]
[SourceDate "2021.10.06"]
[SourceVersion "1"]
[SourceVersionDate "2021.10.06"]
[SourceQuality "1"]

1. e4 c5 2. Nc3 Nc6 3. g3 g6 4. Bg2 Bg7 5. Nge2 e6 6. d3 Nge7 7. Be3 Nd4 8. 0-0 Nxe2+ 9. Qxe2 Bd4 10. Nb5 Qb6 11. c4 Bg7 12. Bf4 0-0 13. Bc7 Qa6 14. Bd6 Re8 15. Bxe7 Rxe7 16. Nc7 Qc6 17. Nxa8 e5 18. b4 b6 19. Nxb6 axb6 20. b5 Qc7 21. Bh3 d6 22. Bxc8 Qxc8 23. a4 Ra7 24. a5 bxa5 25. Ra4 Bf6 26. Rb1 Bd8 27. b6 Qb7 28. Rb5 Bxb6 29. Qb2 Ra6 30. Raxa5 Rxa5 31. Rxa5 Qc7 32. Ra6 Ba7 33. Qb5 Kf8 34. Qc6 Bb8 35. Qa8 Ke7 36. Rc6 Qd7 37. Rb6 Bc7 38. Rb7 h5 39. h4 f5 40. Qg8 Kf6 41. exf5 Kxf5 42. Qf8+ Kg4 43. Kg2 Qc6+ 44. f3+ 1-0

[Event "Maranhao LMX op final 28th"]
[Site "Santa Luzia"]
[Date "2018.11.18"]
[Round "9"]
[White "Luz, Edmundo Reis"]
[Black "Lopes Pereira, Eder"]
[Result "1/2-1/2"]
[WhiteElo "2078"]
[BlackElo "1789"]
[PlyCount "53"]
[EventDate "2018.11.14"]
[EventType "tourn"]
[EventRounds "9"]
[EventCountry "BRA"]
[SourceTitle "EXT 2022"]
[Source "ChessBase"]
[SourceDate "2021.10.06"]
[SourceVersion "1"]
[SourceVersionDate "2021.10.06"]
[SourceQuality "1"]

1. e4 c5 2. Nc3 d6 3. g3 g6 4. Bg2 Bg7 5. Nge2 Nf6 6. d3 0-0 7. 0-0 Nc6 8. h3 e5 9. Be3 Bd7 10. Qd2 Nd4 11. f4 b5 12. fxe5 dxe5 13. Bg5 Bc6 14. Nd5 Nxe2+ 15. Qxe2 Bxd5 16. exd5 Qd6 17. Qf2 Nd7 18. Qd2 f6 19. Be3 Nb6 20. Qc3 Rac8 21. Qb3 a6 22. c4 bxc4 23. dxc4 f5 24. Rac1 Nd7 25. Qc2 f4 26. Bd2 fxg3 27. Qd3 1/2-1/2

[Event "Maranhao LMX op final 28th"]
[Site "Santa Luzia"]
[Date "2018.11.14"]
[Round "1"]
[White "Leitao, Nicolau Daulibe"]
[Black "Luz, Edmundo Reis"]
[Result "1/2-1/2"]
[WhiteElo "2132"]
[BlackElo "2078"]
[PlyCount "66"]
[EventDate "2018.11.14"]
[EventType "tourn"]
[EventRounds "9"]
[EventCountry "BRA"]
[SourceTitle "EXT 2022"]
[Source "ChessBase"]
[SourceDate "2021.10.06"]
[SourceVersion "1"]
[SourceVersionDate "2021.10.06"]
[SourceQuality "1"]

1. d4 d6 2. c4 g6 3. Nc3 Bg7 4. e4 Nd7 5. Nf3 e5 6. d5 Ngf6 7. h3 Nc5 8. Qc2 a5 9. Be3 0-0 10. g4 h5 11. g5 Nh7 12. Be2 Bd7 13. 0-0-0 a4 14. h4 a3 15. b3 Bg4 16. Rhg1 f5 17. gxf6 Rxf6 18. Ng5 Bxe2 19. Qxe2 Rf4 20. Bxf4 exf4 21. Ne6 Nxe6 22. dxe6 Qf6 23. e5 Qxe6 24. Qe4 Nf8 25. Qd5 dxe5 26. Qxe6+ Nxe6 27. Rxg6 Kf7 28. Rdg1 Rg8 29. Kb1 Nd4 30. R6g2 Nf3 31. Rd1 Nd4 32. Rdg1 Nf3 33. Rd1 Nd4 1/2-1/2

[Event "Imperatriz LMX Maranhense 26th"]
[Site "Imperatriz"]
[Date "2018.07.13"]
[Round "1.1"]
[White "Luz, Edmundo Reis"]
[Black "Melo, Wladmir Ferreira"]
[Result "1-0"]
[WhiteElo "2065"]
[BlackElo "1857"]
[PlyCount "53"]
[EventDate "2018.07.26"]
[EventType "swiss"]
[EventRounds "5"]
[EventCountry "BRA"]
[SourceTitle "EXT 2022"]
[Source "ChessBase"]
[SourceDate "2021.10.06"]
[SourceVersion "1"]
[SourceVersionDate "2021.10.06"]
[SourceQuality "1"]

1. e4 e5 2. Nf3 Nc6 3. d4 exd4 4. Bc4 Bc5 5. c3 Qe7 6. 0-0 dxc3 7. Nxc3 Nf6 8. Nd5 Qd8 9. Bg5 h6 10. Bh4 g5 11. Nxg5 hxg5 12. Bxg5 Bd4 13. e5 Bxe5 14. Re1 Kf8 15. Nxf6 Bxf6 16. Qf3 Kg7 17. h4 d6 18. Rad1 Be6 19. Re4 Bxc4 20. Bxf6+ Qxf6 21. Rg4+ Qg6 22. Rxg6+ Kxg6 23. Qe4+ f5 24. Qxc4 Raf8 25. Rd3 Rf7 26. Rg3+ Kf6 27. Qc3+ 1-0

[Event "Maranhese-ch 25th"]
[Site "Itapecuru"]
[Date "2018.05.27"]
[Round "4"]
[White "Borges, Wagner da Silva"]
[Black "Luz, Edmundo Reis"]
[Result "1-0"]
[WhiteElo "2167"]
[BlackElo "2058"]
[PlyCount "99"]
[EventDate "2018.05.25"]
[EventType "swiss"]
[EventRounds "5"]
[EventCountry "BRA"]
[SourceTitle "CBM 184 Extra"]
[Source "ChessBase"]
[SourceDate "2018.06.28"]
[SourceVersion "1"]
[SourceVersionDate "2018.06.28"]
[SourceQuality "1"]

1. d4 Nf6 2. Nf3 b6 3. Bf4 Bb7 4. e3 e6 5. Nbd2 d5 6. Bd3 Nbd7 7. c3 Be7 8. h3 c5 9. 0-0 0-0 10. Ne5 Nxe5 11. Bxe5 Nd7 12. Bh2 f5 13. Nf3 Bf6 14. Bb5 a6 15. Bxd7 Qxd7 16. Qb3 Qc6 17. Ne5 Bxe5 18. Bxe5 a5 19. Qc2 Ba6 20. Rfe1 b5 21. Rac1 Rac8 22. Qd2 Rf7 23. Kh2 Qd7 24. Rg1 h5 25. f4 Qe7 26. Qf2 b4 27. cxb4 axb4 28. dxc5 Rxc5 29. Bd4 Rc4 30. b3 Rc7 31. Rxc7 Qxc7 32. Qd2 Qb8 33. Rc1 Qb5 34. Rc5 Qe8 35. Rc1 Qb5 36. Qd1 Qe2 37. Qxe2 Bxe2 38. Rc8+ Kh7 39. Kg3 Bd3 40. Kh4 Rb7 41. Kxh5 Bb1 42. Ra8 Be4 43. g3 Bg2 44. h4 Be4 45. Kg5 Bd3 46. h5 Rf7 47. Ra5 Rb7 48. Ra8 Rf7 49. Rb8 Bb1 50. h6 1-0

[Event "Maranhese-ch 25th"]
[Site "Itapecuru"]
[Date "2018.05.25"]
[Round "1"]
[White "Luz, Edmundo Reis"]
[Black "Dos Angelos, Leonardo Silva"]
[Result "1/2-1/2"]
[WhiteElo "2058"]
[BlackElo "1833"]
[PlyCount "101"]
[EventDate "2018.05.25"]
[EventType "swiss"]
[EventRounds "5"]
[EventCountry "BRA"]
[SourceTitle "CBM 184 Extra"]
[Source "ChessBase"]
[SourceDate "2018.06.28"]
[SourceVersion "1"]
[SourceVersionDate "2018.06.28"]
[SourceQuality "1"]

1. e4 c5 2. Nc3 Nc6 3. g3 Nf6 4. Bg2 e6 5. Nge2 d5 6. d3 dxe4 7. Nxe4 Nxe4 8. Bxe4 Nd4 9. Nc3 g6 10. 0-0 Bg7 11. Bg2 0-0 12. Ne4 Qb6 13. Rb1 Bd7 14. Bh6 Ba4 15. Bxg7 Bxc2 16. Bxf8 Bxd1 17. Bxc5 Qb5 18. Rfxd1 Nc6 19. d4 Rd8 20. Nd6 Qa6 21. Bf1 Qxa2 22. Bc4 Qa4 23. b3 Qa2 24. d5 exd5 25. Bxd5 Ne5 26. Bxb7 Nd3 27. b4 Nxc5 28. bxc5 Qa3 29. Rbc1 a5 30. Bd5 a4 31. Bxf7+ Kg7 32. Be6 Kf6 33. Bg4 h5 34. Rc3 Qb4 35. Ne4+ Qxe4 36. Rxd8 Qe1+ 37. Kg2 Qxc3 38. Rd6+ Ke7 39. Bf3 Qxc5 40. Rxg6 a3 41. Ra6 Kd7 42. h4 Qb4 43. Ra7+ Ke6 44. Bxh5 Qb2 45. Bf7+ Kf6 46. Bc4 Qc1 47. Rf7+ Kg6 48. Rf4 Qd2 49. Bf7+ Kg7 50. Bc4 Kg6 51. Bf7+ 1/2-1/2

[Event "Maranhao op 24th"]
[Site "Santa Luzia"]
[Date "2018.03.23"]
[Round "1"]
[White "Luz, Edmundo Reis"]
[Black "Correa, Jose Wilson Ferreir"]
[Result "1-0"]
[WhiteElo "2059"]
[BlackElo "1686"]
[PlyCount "33"]
[EventDate "2018.03.23"]
[EventType "swiss"]
[EventRounds "5"]
[EventCountry "BRA"]
[SourceTitle "EXT 2019"]
[Source "ChessBase"]
[SourceDate "2018.10.10"]
[SourceVersion "1"]
[SourceVersionDate "2018.10.10"]
[SourceQuality "1"]

1. e4 e5 2. Nf3 d6 3. d4 Bg4 4. dxe5 Bxf3 5. Qxf3 dxe5 6. Bc4 Nf6 7. Qb3 Qe7 8. Nc3 c6 9. Bg5 b5 10. Nxb5 cxb5 11. Bxb5+ Nbd7 12. 0-0-0 Rd8 13. Rxd7 Rxd7 14. Rd1 Qe6 15. Bxd7+ Nxd7 16. Qb8+ Nxb8 17. Rd8# 1-0

[Event "Maranhao-ch"]
[Site "Sao Luis"]
[Date "2017.09.09"]
[Round "4"]
[White "Luz, Edmundo Reis"]
[Black "Guara Neto, Argemiro Braga"]
[Result "1-0"]
[WhiteElo "2093"]
[BlackElo "2070"]
[PlyCount "33"]
[EventDate "2017.09.07"]
[EventType "tourn"]
[EventRounds "7"]
[EventCountry "BRA"]
[SourceTitle "CBM 180 Extra"]
[Source "ChessBase"]
[SourceDate "2017.10.06"]
[SourceVersion "1"]
[SourceVersionDate "2017.10.06"]
[SourceQuality "1"]

1. e4 c5 2. Nc3 Nc6 3. f4 g6 4. Bc4 d6 5. Nf3 Bg7 6. 0-0 e6 7. d3 Nge7 8. f5 exf5 9. Qe1 0-0 10. Qh4 Ne5 11. Nxe5 dxe5 12. Bg5 Re8 13. Nd5 b5 14. Bxe7 Rxe7 15. Nxe7+ Kf8 16. Nxg6+ Ke8 17. Bxf7+ 1-0

[Event "Caxias LMX Maranhense 20th"]
[Site "Caxias do Sul"]
[Date "2017.08.27"]
[Round "5.1"]
[White "Guara Neto, Argemiro Braga"]
[Black "Luz, Edmundo Reis"]
[Result "1/2-1/2"]
[WhiteElo "2070"]
[BlackElo "2129"]
[PlyCount "24"]
[EventDate "2017.08.25"]
[EventType "swiss"]
[EventRounds "5"]
[EventCountry "BRA"]
[SourceTitle "EXT 2022"]
[Source "ChessBase"]
[SourceDate "2021.10.06"]
[SourceVersion "1"]
[SourceVersionDate "2021.10.06"]
[SourceQuality "1"]

1. d4 Nf6 2. c4 c5 3. d5 b5 4. cxb5 a6 5. bxa6 Bxa6 6. Nc3 d6 7. g3 g6 8. Bg2 Bg7 9. Nf3 0-0 10. 0-0 Nbd7 11. Re1 Qa5 12. Bd2 Rab8 1/2-1/2

[Event "Sao Luis Maranhense-ch"]
[Site "Sao Luis"]
[Date "2017.04.16"]
[Round "5"]
[White "Lima Filho, Jose Pacifico"]
[Black "Luz, Edmundo Reis"]
[Result "0-1"]
[WhiteElo "1894"]
[BlackElo "2106"]
[PlyCount "70"]
[EventDate "2017.04.14"]
[EventType "swiss"]
[EventRounds "5"]
[EventCountry "BRA"]
[SourceTitle "CBM 178 Extra"]
[Source "ChessBase"]
[SourceDate "2017.06.22"]
[SourceVersion "1"]
[SourceVersionDate "2017.06.22"]
[SourceQuality "1"]

1. d4 Nf6 2. Nf3 g6 3. Bf4 Bg7 4. Nbd2 d5 5. h3 c5 6. c3 cxd4 7. cxd4 Nc6 8. e3 0-0 9. Rc1 Bf5 10. Be2 Qa5 11. Qb3 Ne4 12. g4 Bc8 13. a3 e5 14. dxe5 Nxe5 15. Bxe5 Bxe5 16. Rc2 Bg7 17. Qd3 Be6 18. b4 Qa4 19. 0-0 a5 20. Rc7 axb4 21. axb4 Qxb4 22. Rb1 Ra1 23. Rcc1 Rxb1 24. Rxb1 Qa4 25. Rxb7 Nc5 26. Qb5 Qa1+ 27. Qb1 Nxb7 28. Qxa1 Bxa1 29. Nb3 Bg7 30. Ba6 Nd6 31. Nc5 Nc4 32. Nd4 Bxd4 33. exd4 Ra8 34. Bb7 Ra1+ 35. Kg2 Rd1 0-1

[Event "Sao Luis Maranhese Cup 11th"]
[Site "Sao Luis"]
[Date "2017.03.26"]
[Round "4"]
[White "Araujo, Raoni"]
[Black "Luz, Edmundo Reis"]
[Result "0-1"]
[WhiteElo "1928"]
[BlackElo "2125"]
[PlyCount "66"]
[EventDate "2017.03.24"]
[EventType "swiss"]
[EventRounds "5"]
[EventCountry "BRA"]
[SourceTitle "CBM 177 Extra"]
[Source "ChessBase"]
[SourceDate "2017.04.27"]
[SourceVersion "1"]
[SourceVersionDate "2017.04.27"]
[SourceQuality "1"]

1. e4 d6 2. d4 g6 3. h3 Bg7 4. Nf3 Nf6 5. Nc3 c6 6. a4 Nbd7 7. Be3 0-0 8. Be2 e5 9. dxe5 dxe5 10. Nd2 Qe7 11. Nc4 Rd8 12. Qd6 Qe8 13. Qa3 Bf8 14. b4 a5 15. Bc5 Nxc5 16. bxc5 Nd7 17. Nd6 Qe7 18. Bc4 Nxc5 19. Nxf7 Rd4 20. Nxe5+ Be6 21. Qa2 Rxc4 22. Nxc4 Bg7 23. 0-0 Bxc3 24. Rab1 Qf7 25. Qa3 Bb4 26. Qe3 Bxc4 27. c3 Ba3 28. Ra1 Bxf1 29. Rxa3 Qc4 30. e5 Bd3 31. h4 Rf8 32. h5 Ne4 33. f3 Qc5 0-1

[Event "Sao Luis Maranhese Cup 11th"]
[Site "Sao Luis"]
[Date "2017.03.25"]
[Round "3"]
[White "Luz, Edmundo Reis"]
[Black "Sousa, Antonielson do Vale"]
[Result "1-0"]
[WhiteElo "2125"]
[BlackElo "1787"]
[PlyCount "47"]
[EventDate "2017.03.24"]
[EventType "swiss"]
[EventRounds "5"]
[EventCountry "BRA"]
[SourceTitle "CBM 177 Extra"]
[Source "ChessBase"]
[SourceDate "2017.04.27"]
[SourceVersion "1"]
[SourceVersionDate "2017.04.27"]
[SourceQuality "1"]

1. e4 e5 2. Nf3 Nc6 3. d4 exd4 4. Bc4 Nf6 5. e5 d5 6. Bb5 Ne4 7. Nxd4 Bd7 8. Bxc6 bxc6 9. 0-0 Be7 10. f3 Ng5 11. f4 Ne4 12. Nd2 Nxd2 13. Bxd2 c5 14. Ne2 0-0 15. Ng3 f6 16. Qe2 Qc8 17. e6 Bc6 18. f5 Qb7 19. b3 d4 20. Nh5 Kh8 21. Qg4 Rg8 22. Nf4 Be8 23. Ng6+ Bxg6 24. fxg6 1-0